[Event "Challenge"]
[Site "http://www.queenalice.com/game.php?id=96211"]
[Date "2006.8.15"]
[Round "-"]
[White "claudiocaire"]
[Black "clara_ca"]
[Result "0-1"]
[WhiteElo "1428"]
[BlackElo "1126"]

1. e4 d5 2. Qf3 e6 3. d3 Bb4+ 4. c3 Bd6 5. Be3 Nf6 6. Qe2 dxe4 7. dxe4 Nxe4 8.
f3 Nc5 9. f4 Qh4+ 10. g3 Qf6 11. Na3 a5 12. Nb5 b6 13. g4 Qh4+ 14. Kd1 Ba6 15.
Bg2 Nb7 16. Bxb7 Bxb7 17. Nf3 Qxg4 18. Qd3 Qxf3+ 19. Kc2 Nc6 20. Rhf1 Qg2+ 21.
Rf2 Qg3 22. b4 axb4 23. cxb4 Nxb4+ 24. Kd2 Nxd3 25. Kxd3 Ra5 26. Nd4 Ra3+ 27.
Nb3 e5 28. fxe5 Qg6+ 29. Kc3 Bxe5+ 30. Kb4 Bd6+ 31. Kc3 b5 32. Bc1 b4+ 33. Kb2
h5 34. Rc2 Be4 35. Re2 c5 36. Nd2 f5 37. Nc4 Qf6+ 38. Ne5 Qxe5# 0-1

[Event "Revanche"]
[Site "http://www.queenalice.com/game.php?id=96549"]
[Date "2006.8.17"]
[Round "-"]
[White "lsdr"]
[Black "clara_ca"]
[Result "1-0"]
[WhiteElo "1338"]
[BlackElo "1119"]

1. e4 d5 2. Bb5+ c6 3. Ba4 b5 4. Bb3 dxe4 5. Qe2 f5 6. Qh5+ g6 7. Qg5 Bh6 8. Qh4
Nd7 9. Ne2 g5 10. Qh5+ Kf8 11. Qf7# 1-0

[Event "Challenge"]
[Site "http://www.queenalice.com/game.php?id=97671"]
[Date "2006.8.20"]
[Round "-"]
[White "xavimg"]
[Black "clara_ca"]
[Result "1-0"]
[WhiteElo "1272"]
[BlackElo "1129"]

1. Nf3 e6 2. g3 Qe7 3. a3 e5 4. e4 Nf6 5. Nc3 d5 6. exd5 e4 7. Nd4 Qe5 8. Nb3
Nxd5 9. Bc4 c6 10. d3 Qd4 11. Nxd4 exd3 12. Qxd3 Na6 13. Qe4+ Be6 14. Nxd5 c5
15. Nb3 f5 16. Qxe6+ Be7 17. Qxe7# 1-0

[Event "Olá"]
[Site "http://www.queenalice.com/game.php?id=97676"]
[Date "2006.8.20"]
[Round "-"]
[White "lucasalex"]
[Black "clara_ca"]
[Result "1-0"]
[WhiteElo "1100"]
[BlackElo "1112"]

1. e4 d5 2. exd5 Qxd5 3. Nc3 Qe5+ 4. Nge2 e6 5. d4 Qa5 6. Nf4 Nc6 7. a3 e5 8.
dxe5 Qxe5+ 9. Be2 g5 10. Nd3 Qf6 11. O-O Na5 12. Re1 Bd7 13. Bg4+ Kd8 14. Bxd7
Kxd7 15. Nc5+ Kc6 16. Qd5+ Kb6 17. Nd7+ Ka6 18. Qb5# 1-0

[Event "Challenge"]
[Site "http://www.queenalice.com/game.php?id=97677"]
[Date "2006.8.20"]
[Round "-"]
[White "xmas"]
[Black "clara_ca"]
[Result "1-0"]
[WhiteElo "1259"]
[BlackElo "1119"]

1. e4 d5 2. exd5 Qxd5 3. Nc3 Qe5+ 4. Nge2 a5 5. b3 b5 6. Bb2 a4 7. Nxb5 Qxb5 8.
Nc3 Qb4 9. Bb5+ Bd7 10. Bc4 Ra5 11. O-O h5 12. Qf3 g5 13. Qxf7+ Kd8 14. Qxf8+
Be8 15. Nd5 Qb7 16. Bxh8 Rxd5 17. Bxd5 Qxd5 18. d3 Nd7 19. Qg7 Ngf6 20. Qh6 Ng8
21. Qa6 Ndf6 22. Rae1 Nd7 23. Re5 Nxe5 24. Bxe5 Qxe5 25. Qa8+ Kd7 26. bxa4 Nf6
27. a5 Ng4 28. g3 h4 29. h3 Nf6 30. a6 hxg3 31. fxg3 Qxg3+ 32. Qg2 Qe3+ 33. Qf2
Nd5 34. Qxe3 Nxe3 35. Rc1 Nd5 36. a7 Nb6 37. c4 c5 38. Rb1 Kc7 39. Rxb6 Kxb6 40.
a8=Q Bc6 41. Qb8+ Ka6 42. Qc8+ Bb7 43. Qxc5 e6 44. Qb5+ Ka7 45. c5 Ba6 46. Qb6+
Ka8 47. Qxa6+ 1-0

[Event "Challenge"]
[Site "http://www.queenalice.com/game.php?id=98355"]
[Date "2006.8.22"]
[Round "-"]
[White "xmas"]
[Black "clara_ca"]
[Result "1-0"]
[WhiteElo "1232"]
[BlackElo "1171"]

1. e4 d5 2. e5 Nc6 3. d4 e6 4. Bb5 Bb4+ 5. c3 Ba5 6. b4 Bb6 7. a4 a5 8. Nf3 axb4
9. cxb4 Nh6 10. a5 Ba7 11. Ba3 O-O 12. Bd3 Nf5 13. b5 Nxa5 14. Bxf8 Qxf8 15.
Rxa5 Qb4+ 16. Nfd2 1-0

[Event "Challenge"]
[Site "http://www.queenalice.com/game.php?id=98363"]
[Date "2006.8.22"]
[Round "-"]
[White "papalucas"]
[Black "clara_ca"]
[Result "1-0"]
[WhiteElo "1404"]
[BlackElo "1182"]

1. d4 e6 2. Nf3 Bb4+ 3. c3 Ba5 4. Qa4 Nc6 5. e3 Nge7 6. Nbd2 O-O 7. Nb3 Bb6 8.
Bd2 Nd5 9. O-O-O d6 10. Na1 e5 11. dxe5 dxe5 12. e4 Nf6 13. Bb5 Ng4 14. Rhf1 a6
15. Bxc6 bxc6 16. Qxc6 1-0

[Event "Challenge"]
[Site "http://www.queenalice.com/game.php?id=98364"]
[Date "2006.8.22"]
[Round "-"]
[White "claudiocaire"]
[Black "clara_ca"]
[Result "1-0"]
[WhiteElo "1411"]
[BlackElo "1158"]

1. e4 d5 2. e5 Nc6 3. Qf3 Nxe5 4. Qe2 Ng4 5. Nf3 d4 6. g3 Bf5 7. Bh3 h5 8. Ng5
d3 9. cxd3 Bxd3 10. Qf3 Ne5 11. Qxb7 Nf3+ 12. Nxf3 Rh6 13. Ne5 Bc2 14. Qf3 f6
15. Nc6 Qd6 16. Nd4 Qd8 17. Nxc2 h4 18. gxh4 Rxh4 19. Nb4 Rb8 20. Nc6 Qc8 21.
Nxb8 Qxb8 22. Qd5 Nh6 23. Qd7+ Kf7 24. d4 Qb4+ 25. Bd2 1-0

[Event "Revanche"]
[Site "http://www.queenalice.com/game.php?id=98858"]
[Date "2006.8.24"]
[Round "-"]
[White "dilucia"]
[Black "clara_ca"]
[Result "1-0"]
[WhiteElo "2144"]
[BlackElo "1141"]

1. e4 d5 2. exd5 Qxd5 3. Nc3 Qe5+ 4. Be2 Nc6 5. Nf3 Qf5 6. O-O e6 7. Nb5 Kd8 8.
d4 a6 9. Bd3 Qg4 10. h3 Qh5 11. Be2 axb5 12. Ne5 Qf5 13. Bd3 Qf6 14. Bg5 1-0

[Event "Challenge"]
[Site "http://www.queenalice.com/game.php?id=99010"]
[Date "2006.8.24"]
[Round "-"]
[White "jeancarlo1910"]
[Black "clara_ca"]
[Result "1-0"]
[WhiteElo "1500"]
[BlackElo "1157"]

1. e4 d5 2. exd5 Qxd5 3. Nc3 Qe6+ 4. Be2 a5 5. Nf3 Ra6 6. d4 Rd6 7. Nb5 Rd5 8.
Nxc7+ Kd7 9. Nxe6 Kxe6 10. Bc4 b5 11. Qe2+ Kd6 12. Bxd5 Kxd5 13. Qxb5+ Kd6 14.
Qxb8+ Kd7 15. Ne5+ Kd8 16. Qb6+ Ke8 17. Qc6+ Kd8 18. Nxf7# 1-0

[Event "Challenge"]
[Site "http://www.queenalice.com/game.php?id=99514"]
[Date "2006.8.25"]
[Round "-"]
[White "fernandes_igor"]
[Black "clara_ca"]
[Result "1-0"]
[WhiteElo "1299"]
[BlackElo "1157"]

1. d4 a5 2. e3 e6 3. Nf3 Bb4+ 4. c3 Bd6 5. Nbd2 a4 6. b3 a3 7. b4 Nf6 8. Bd3 O-O
9. Nh4 b6 10. Nc4 Be7 11. Nxa3 c5 12. dxc5 bxc5 13. Nc4 cxb4 14. cxb4 Bxb4+ 15.
Bd2 Bc5 16. Ne5 Bb7 17. Rc1 Qc7 18. f4 Rxa2 19. g4 Bxh1 20. g5 Nd5 21. Qh5 Nxe3
22. Qxh7# 1-0

[Event "Challenge"]
[Site "http://www.queenalice.com/game.php?id=100108"]
[Date "2006.8.27"]
[Round "-"]
[White "ctz"]
[Black "clara_ca"]
[Result "1-0"]
[WhiteElo "1654"]
[BlackElo "1157"]

1. e4 d5 2. exd5 Qxd5 3. Nc3 Qe5+ 4. Be2 Nf6 5. Nf3 Qf4 6. d4 Qg4 7. g3 Qh3 8.
Bf4 Na6 9. Qd2 Ng4 10. Ng5 Qg2 11. Bf3 Qxf2+ 12. Qxf2 Nxf2 13. Kxf2 Bf5 14. Bxb7
Rd8 15. Bxa6 Rxd4 16. Rhd1 Rb4 17. Bxc7 Bd7 18. Bb5 Bxb5 19. Rd8# 1-0